| 000 | 00601nam a2200181 a 4500 | ||
|---|---|---|---|
| 001 | 000011452 | ||
| 005 | 20200929162446.0 | ||
| 008 | 091019s1995 dr 000 0 spa d | ||
| 040 |
_aDO-SdBNP _bspa _cBNPHU |
||
| 082 |
_axxx _bS161p |
||
| 100 | 1 |
_aSalcedo, Roberto _99536 |
|
| 245 | 1 | 0 |
_a¿Por qué dudan del seminarista? / _cRoberto Salcedo ; prólogo Teófilo Barreiro. |
| 260 |
_aSanto Domingo : _bSEGRAF, _c1995. |
||
| 300 |
_a101 P. ; _c22 cm. |
||
| 500 | _aIncluye datos biográficos del autor en la solapa de la contracubierta | ||
| 700 | 1 |
_aBarreiro, Teófilo, _epról. _921610 |
|
| 049 | _aBNPD | ||
| 999 |
_c11153 _d11153 |
||